000 02222cam a2200289 4500500
005 20251228050049.0
041 _afre
042 _adc
100 1 0 _aBalaban, Oded
_eauthor
245 0 0 _aIntellectualisme et causalité chez Hegel, et les limites de la science moderne
260 _c2005.
500 _a31
520 _aL’objet de cet article est double: 1) montrer que la Science de la logique de Hegel est incapable de rendre compte de la nature de la relation de causalité. Hegel explique plutôt la relation de causalité en la réduisant à une relation de conditionnalité. 2) Soutenir ensuite que cet échec n’est pas le propre de l’hégélianisme mais qu’il est le résultat inévitable de tout effort intellectuel pour comprendre la relation de causalité, quand on ne prend pas en compte la contribution de la perception sensible à la connaissance. L’analyse philosophique peut alors conclure que la causalité, bien qu’elle soit perceptible par les sens, n’est pas compréhensible, tandis que la conditionnalité qui s’y substitue est compréhensible bien qu’elle ne soit pas perceptible.
520 _aThe twofold purpose of this paper is 1) to show that Hegel’s Science of Logic is unable to give an account of what causation is. Instead, Hegel explains causal relation by reducing it to conditioning. 2) This failure is not only Hegelian but is to be expected when any intellectual effort to understand causation ignores the contribution of senseperception to knowledge. The philosophical analysis may conclude that causation, though sense-perceptible, is however not understandable, whereas the substitute for causation, conditioning, is understandable though not perceivable.
690 _aCausalité
690 _aConditionnalité
690 _aConnaissance
690 _aPerception sensible
690 _aScience moderne
690 _aCausality
690 _aConditioning
690 _aKnowledge
690 _aModern science
690 _aSense perception
786 0 _nArchives de philosophie | 68 | 1 | 2005-03-01 | p. 55-75 | 0003-9632
856 4 1 _uhttps://shs.cairn.info/revue-archives-de-philosophie-2005-1-page-55?lang=fr&redirect-ssocas=7080
999 _c1579724
_d1579724